Inbetweeners Episodes - Statistics

General Stats
  • This quiz has been taken 224 times
  • The average score is 8 of 18
Answer Stats
Hint Answer % Correct
S1 E1 First Day
84%
S1 E2 Bunk Off
75%
S1 E3 Thorpe Park
75%
S1 E5 Caravan Club
59%
S2 E2 Work Experience
53%
S2 E3 Will's Birthday
45%
S3 E1 The Fashion Show
41%
S3 E5 Home Alone
40%
S3 E6 The Camping Trip
40%
S3 E2 The Gig and the Girlfriend
39%
S2 E1 The Field Trip
38%
S3 E4 The Trip to Warwick
33%
S1 E4 Will Gets a Girlfriend
29%
S3 E3 Will's Dilemma
29%
S1 E6 Xmas Party
26%
S2 E6 Exam Time
23%
S2 E5 The Duke of Edinburgh Awards
19%
S2 E4 A Night Out In London
16%
No matching quizzes found
Score Distribution
Percent of People with Each Score
Percentile by Number Answered
Your Score History
You have not taken this quiz